00305nam a2200133Ia 4500003000500000005001700005008004100022040000900063082001700072100001900089245002900108260002600137300000800163Nust20170315121149.0161124s9999 xx 000 0 und d cIGIS a808.066bSHA aWasima Shahzad aSynopsis & Thesis Manual aIslamabadbNUSTc2002 a57p